| 000 | 01649nam a22003615i 4500 | ||
|---|---|---|---|
| 999 |
_c24882 _d24854 |
||
| 003 | EG-ScBUE | ||
| 005 | 20191222123125.0 | ||
| 008 | 170524s2012 ua a fr 001 0 ara d | ||
| 017 | _a2008 / 4746 | ||
| 020 | _a9771611615 | ||
| 040 |
_aEG-ScBUE _bara _cEG-ScBUE _dEG-ScBUE |
||
| 041 | 1 |
_aara _aeng _heng |
|
| 082 | 0 | 4 |
_a418.02 _bع ن ا _222 |
| 100 | 1 |
_aعناني، محمد، _eمؤلف. |
|
| 245 | 1 | 0 |
_aمرشد المترجم إلى أصعب الكلمات الشائعة في اللغة الإنجليزية : _bمدخل إلى التحولات الدلالية والفروق اللغوية / _cمحمد عناني، أستاذ اللغة الإنجليزية وآدابها، كلية الآداب، جامعة القاهرة. |
| 250 | _aالطبعة الخامسة. | ||
| 264 | 1 |
_aالجيزة، مصر : _bالشركة المصرية العالمية للنشر، لونجمان، _c2012. |
|
| 264 | 2 |
_aالقاهرة : _bشركة أبو الهول للنشر |
|
| 300 |
_a310، 36 صفحة ؛ _c24 سم. |
||
| 336 |
_aنص _btxt _2rdacontent |
||
| 337 |
_aبدون وسيط _bn _2rdamedia |
||
| 338 |
_aمجلد _bnc _2rdacarrier |
||
| 490 | 0 | _aلغويات | |
| 500 | _aيشتمل على كشاف. | ||
| 546 | _aالنص باللغتين العربية والإنجليزية؛ مترجم من اللغة الإنجليزية. | ||
| 650 | 7 |
_aاللغة العربية _xترجمة. _2BUEsh |
|
| 650 | 7 |
_aاللغة الإنجليزية _xترجمة. _2BUEsh _926944 |
|
| 650 | 7 |
_aالترجمة. _2BUEsh |
|
| 650 | 7 |
_aالترجمة الإنجليزية. _2BUEsh |
|
| 651 | _2BUEsh | ||
| 653 |
_bGGEN _cMay2017 |
||
| 942 | _2ddc | ||